000 00310 a2200109 4500
001 ART_23594
005 20260410161827.0
008 260409a
245 1 0 _aFinanzas de organizaciones
100 1 _aRamírez, Norberto L.
773 0 _tFACES
_g- Año 19, Nº 40/41 (ene./dic. 2013)
_wREV5046
999 _c22849
_d22849